01412nam a2200349Ia 4500001001200000003000800012006001900020007001500039008004100054010001700095020003100112020002800143040002100171035002100192050002800213082001700241245016400258260004100422300002600463504005100489533015200540650006200692650001500754655002900769700003300798700002000831700003300851710001600884710001700900856012600917999001901043ebr10356785CaPaEBRm u cr cn|||||||||080221s2010 dcua sb 001 0 eng d z 2008008388 z9780821375075 (alk. paper) z0821375075 (alk. paper) aCaPaEBRcCaPaEBR a(OCoLC)53581422614aRA413.5.D44bG56 2010eb04a368.38/222200aGlobal marketplace for private health insuranceh[electronic resource] :bstrength in numbers /cAlexander S. Preker, Peter Zweifel, and Onno Schellekens, eds. aWashington, DC :bWorld Bank,c2010. axxxiv, 491 p. :bill. aIncludes bibliographical references and index. aElectronic reproduction.bPalo Alto, Calif. :cebrary,d2010.nAvailable via World Wide Web.nAccess may be limited to ebrary affiliated libraries. 0aHealth insurancexEconomic aspectszDeveloping countries. 0aEconomics. 7aElectronic books.2local1 aPreker, Alexander S.,d1951-1 aZweifel, Peter.1 aSchellekens, Onno P.,d1964-2 aWorld Bank.2 aebrary, Inc.40uhttp://site.ebrary.com/lib/rucke/Doc?id=10356785zAn electronic book accessible through the World Wide Web; click to view c211925d211925